Statistics for Southeast Asian Cities by Map

Click here to take the quiz!

General Stats

  • This quiz has been taken 17,302 times
  • The average score is 15 of 28

Answers on the Map

Answers color-coded by a green-red scale on the quiz's map according to % correct below.
 

Answer Stats

Cities% Correct
Bangkok
95%
Jakarta
94%
Manila
94%
Hanoi
92%
Singapore
91%
Ho Chi Minh City
90%
Kuala Lumpur
87%
Phnom Penh
74%
Vientiane
68%
Yangon
62%
Dili
57%
Bandar Seri Begawan
55%
Denpasar
54%
Naypyidaw
53%
Phuket
50%
Surabaya
36%
Cebu
35%
Bandung
34%
Chiang Mai
34%
Mandalay
33%
Da Nang
31%
Davao
26%
George Town
24%
Medan
24%
Siem Reap
23%
Makassar
19%
Luang Prabang
18%
Zamboanga
13%

Score Distribution

Percentile by Number Answered

Percent of People with Each Score

Your Score History

You have not taken this quiz